Fairy tales in the classroom : teaching students to create stories with meaning through traditional tales /

Bibliographic Details
Main Author: Charles, Veronika Martenova
Format: Book
Language:English
Published: Markham, Ont. : Fitzhenry & Whiteside, 2010
Subjects:

MARC

Tag First Indicator Second Indicator Subfields
LEADER 00000cam a22000008a 4500
001 in00002532321
005 20151113130753.0
008 090702r20102009onca b 001 0 eng
016 |a 20099020823 
020 |a 9781554550203 
020 |a 1554550203 
029 0 |a NLC  |b 20099020823 
035 |a (OCoLC)ocn424084316 
035 |a (OCoLC)424084316 
040 |a NLC  |b eng  |c NLC  |d CDX  |d VMC  |d UtOrBLW 
049 |a TXAM 
050 4 |a LB1576  |b .C425 2010 
055 0 |a LB1576  |b C467 2009 
082 0 |a 372.62/3044  |2 22 
100 1 |a Charles, Veronika Martenova. 
245 1 0 |a Fairy tales in the classroom :  |b teaching students to create stories with meaning through traditional tales /  |c Veronika Charles ; introduction by Betsy Hearne. 
263 |a 0910 
264 1 |a Markham, Ont. :  |b Fitzhenry & Whiteside,  |c 2010 
264 4 |c ©2009 
300 |a vii, 262 pages :  |b illustrations ;  |c 26 cm. 
336 |a text  |b txt  |2 rdacontent 
337 |a unmediated  |b n  |2 rdamedia 
338 |a volume  |b nc  |2 rdacarrier 
504 |a Includes bibliographical references and index. 
650 0 |a English language  |x Composition and exercises  |x Study and teaching (Elementary) 
650 0 |a Creative writing (Elementary education) 
650 0 |a Fairy tales. 
945 |a PromptCat  |b 862438 
946 |a stk 
947 |a A14840019232 
994 |a 92  |b TXA 
948 |a cataloged  |b h  |d 2010/1/11  |h c  |e asalazar  |f 11:32:57 am 
999 |a MARS 
999 f f |s 3ca06e12-2724-3ac2-b3e7-b48caa9686db  |i 889a3ad8-9737-3727-bb0e-8d2d49c142ba  |t 0 
952 f f |p normal  |a Texas A&M University  |b College Station  |c Sterling C. Evans Library  |d Evans: Library Stacks  |t 0  |e LB1576 .C425 2010  |h Library of Congress classification  |i unmediated -- volume  |m A14840019232 
998 f f |a LB1576 .C425 2010  |t 0  |l Evans: Library Stacks